| 000 | nam a22 a 4500 | ||
|---|---|---|---|
| 999 |
_c79023 _d79023 |
||
| 003 | BLK | ||
| 005 | 20220209115720.0 | ||
| 008 | 180408b bul|||||r ||||||| ||bul|| | ||
| 010 | _aKNG00083495000 | ||
| 020 | _a954-91545-3-Х | ||
| 040 | _aBLK | ||
| 041 |
_aBUL _cBUL _hENG |
||
| 072 | 7 |
_2bullib _aК _xКраезнание |
|
| 080 |
_aВоенни образователни заведения. Военни училища. Военни академии _b355.23 _x(497.211)(091) _z355.23(497.211)(091) |
||
| 080 |
_aВисше военноморско училище _b378.935.9 _x(091) _z378.935.9(091) |
||
| 100 | 1 |
_aКалинков, Борис Савов _eпърви автор _9298572 |
|
| 139 |
_aКалинков, Борис Савов _bК 16 |
||
| 245 | 1 | 0 |
_a[Сто двадесет и пет] 125 години ВВМУ "Н. Й. Вапцаров" _bВекове ; Пощи ; Традиции _cБорис Савов Калинков. |
| 246 | 1 | 1 | _a25 years N. Y. Vaptsarov noval academy : Centuries ; Posts ; Traditions |
| 257 | _aBGR | ||
| 260 |
_bФил _c2005 _fВ. Търново : Абагар _aВарна |
||
| 300 |
_a136 с. _bс ил., сн. _c29 см |
||
| 380 | _a3 | ||
| 650 | 4 |
_aВисши училища, военноморски - Варна _9294857 |
|
| 651 | 4 |
_aВарна _9178690 |
|
| 653 | _aвоенноморски училища | ||
| 653 | _aистория | ||
| 659 | _aК | ||
| 852 |
_aЦб ІІ 15222 _bЦб |
||
| 852 |
_aК 355/359/К 16 _bЦб |
||
| 856 | 4 | _qpdf | |
| 856 | 4 | _qpdf | |
| 942 |
_cKNG _n0 _01 _s1 |
||
| 944 |
_aCR _c23.04.2008 _kГеновева_Генчева |
||
| 944 |
_aED _c20.02.2015 _kВаля_Йорданова |
||
| 999 | _d79023 | ||
| 999 | _d79023 | ||